000 00645nam a2200265Ia 4500
005 20260306153002.0
008 008 260114s9999 xx 000 0 eng d
020 _a9780511521164
037 _aEBOOK
040 _aCRL
040 _beng
040 _cCRL
041 _2eng
041 _aeng
084 _qCRL
100 _aFurniss/Gunner
_91124423
245 0 _aPower, Marginality and African Oral Literature
250 _a1st ed
260 _bCambridge University Press
260 _c2009
650 _aAfrican Studies
856 _uhttps://doi.org/10.1017/CBO9780511521164
942 _cEBOOK
999 _c1701742
_d1701742